Vista normal Vista MARC

Entrada Corporate Name

Número de registros utilizados en: 1

001 - CONTROL NUMBER

  • control field: 8489

003 - CONTROL NUMBER IDENTIFIER

  • control field: OSt

005 - DATE AND TIME OF LATEST TRANSACTION

  • control field: 20200806140915.0

008 - FIXED-LENGTH DATA ELEMENTS

  • fixed length control field: 200806|| aca||aabn | a|a d

040 ## - CATALOGING SOURCE

  • Original cataloging agency: OSt
  • Transcribing agency: OSt

110 ## - HEADING--CORPORATE NAME

  • Corporate name or jurisdiction name as entry element: Unidad De Información Y Análisis Financiero UIAF, Programa Presidencial Contra La Extorción Y El Secuestro

670 ## - SOURCE DATA FOUND

  • Source citation: Work cat.: (OSt)5977: Unidad De Información Y Análisis Financiero UIAF, Programa Presidencial Contra La Extorción Y El Secuestro , Tipologias de lavado de activos/, 2005.